Statistics for Top 5 in the Ballon d’Or 1990-2023

Click here to take the quiz!

General Stats

  • This quiz has been taken 403 times
    (105 since last reset)
  • The average score is 40 of 89

Answer Stats

Answer% Correct
Lionel Messi
100%
Cristiano Ronaldo
97%
Ronaldo
97%
Kylian Mbappe
96%
Erling Haaland
94%
Karim Benzema
93%
Karim Benzema
93%
Luka Modric
93%
Andres Iniesta
90%
Xavi
90%
Kaka
89%
Zinedine Zidane
89%
Manuel Neuer
87%
Kevin De Bruyne
86%
Neymar
86%
Fabio Cannavaro
83%
Ronaldinho
83%
Robert Lewandowski
81%
Virgil Van Dijk
81%
Antoine Griezmann
80%
Sadio Mane
80%
Franck Ribery
77%
Mohamed Salah
76%
Gianluigi Buffon
70%
Gianluigi Buffon
70%
Thierry Henry
70%
Pavel Nedved
69%
Rivaldo
69%
Jorginho
67%
Luis Suarez
67%
Arjen Robben
66%
Michael Owen
64%
Rodri
64%
Marco Van Basten
63%
Paolo Maldini
63%
Andriy Shevchenko
61%
Luis Figo
61%
Oliver Kahn
61%
Fernando Torres
60%
Frank Lampard
56%
Roberto Carlos
56%
Thomas Muller
56%
Steven Gerrard
51%
George Weah
46%
Jean-Pierre Papin
43%
Zlatan Ibrahimovic
43%
David Beckham
41%
Wayne Rooney
41%
N'Golo Kante
39%
Didier Drogba
37%
Hristo Stoichkov
37%
Roberto Baggio
37%
Samuel Eto'o
36%
Raul
33%
Deco
31%
Eric Cantona
26%
Dennis Bergkamp
21%
Radamel Falcao
21%
Alan Shearer
20%
Alessandro del Piero
20%
Davor Suker
16%
Jari Litmanen
14%
Diego Forlan
13%
Jurgen Klinsmann
11%
Gabriel Batistuta
9%
Patrick Kluivert
9%
Predrag Mijatovic
9%
Wesley Sneijder
7%
Gheorghe Hagi
4%
Mathias Sammer
4%
Andrea Pirlo
3%
Lothar Mathaus
3%
Salvatore Schillaci
3%
Alessandro Nesta
1%
Andreas Brehme
1%
Franco Baresi
1%
Iker Casillas
1%
Peter Schmeichel
1%
Alen Boksic
0%
Darko Pancev
0%
Dejan Savicevic
0%
Francesco Totti
0%
Michael Ballack
0%
Michael Laudrup
0%
Paul Gascoigne
0%
Robert Prosineckl
0%
Theodoros Zagorakis
0%
Thomas Brolin
0%
Thomas Hassier
0%

Score Distribution

Percentile by Number Answered

Percent of People with Each Score

Your Score History

You have not taken this quiz since the last reset